LEADER 00810nam a2200181 i 4500 001 000000222298 003 CaOOAMICUS 005 20131004000000.0 008 131004s1785 it u000 u fre u 013 $a201195 026 $a0.E. c.re e.se (*au (3) 1785 (A) 040 $aSeMil$bita 245 10$a[Recueil des lettres de M. de Voltaire. Suite de l'année 1757-1760. Tome 6.]. 300 $a[4], 480 p. 773 0 $aVoltaire <1694-1778>$tOeuvres completes de Voltaire. Tome 1. [-92.].$d[Kehl] : De l'Imprimerie de la Société Littéraire-typographique, 1785-1789.$g73$w()4088 850 $aSeMil 852 $aSeMil$W1$xVenegono$y1$m2Q IV 148 FA$j172644$B172644$CSeMilBibl$Z2$F183819 $8I 996 $6245$a[Recueil des lettres de M. de Voltaire. Suite de l'année 1757-1760. Tome 6.]$9(OLS)http://semarc/title/318616 LEADER 01557nam a2200265 i 4500 001 000000075638 003 CaOOAMICUS 005 20221129123109.0 008 110607s1852 it u000 u ita u 013 $a46810 040 $aSeMil$bita 100 1 $aCavalcanti, Bartolomeo,$d<1503-1562>.$0(OLS)http://semarc/name/37343 245 10$aTrattati sopra gli ottimi reggimenti delle repubbliche antiche e moderne con le tre lettere sopra la riforma di una repubblica /$cdi Bartolomeo Cavalcanti. Trattato del reggimento degli stati / di Girolamo Savonarola. Gli avvertimenti civili / di Francesco Guicciardini. L'apologia / di Lorenzo de' Medici. 260 $aTorino :$bUnione Tipografico-Editrice,$c1852. 300 $a320 p. ;$c20 cm. 490 0 $aNuova biblioteca popolare. Classe 4., Politica 700 1 $aMedici, Lorenzo : de',$d<1449-1492>.$0(OLS)http://semarc/name/8233 700 1 $aGuicciardini, Francesco,$d<1483-1540>.$0(OLS)http://semarc/name/6315 700 1 $aSavonarola, Girolamo,$c.$0(OLS)http://semarc/name/89716 830 0$aNuova biblioteca popolare. Classe 4., Politica.$0(OLS)http://semarc/title/33778 850 $aSeMil 852 $aSeMil$W1$xVenegono$y1$m1F V 25 FA$j41790$B41790$CSeMilBibl$Z2$F41794 $8I 996 $6245$aTrattati sopra gli ottimi reggimenti delle repubbliche antiche e moderne con le tre lettere sopra la riforma di una repubblica$9(OLS)http://semarc/title/122661 996 $6260$aTorino :$bUnione Tipografico-Editrice$9(OLS)http://semarc/publisher/30119 LEADER 01346nam a2200289 i 4500 001 000000123977 003 CaOOAMICUS 005 20241216124148.0 008 040427s1996 it u000 u ita u 020 $a88-85370-61-6 040 $aSeMil$bita 100 1 $aLandi, Pasquale.$0(OLS)http://semarc/name/51483 245 10$aDiritto ed economia :$bsaggio sulla riduzione della filosofia del diritto alla filosofia dell'economia di Benedetto Croce /$cPasquale Landi. 264 1$aNapoli :$bEditoriale scientifica,$c1996. 300 $a178 p. ;$c23 cm. 490 1 $aRicerche giuridiche ;$v29 500 $aDono del Card. Dionigi Tettamanzi. 650 4$aCroce, Benedetto <1866-1952> - Filosofia del diritto.$0(OLS)http://semarc/subject/23820 830 0$aRicerche giuridiche ;$v29.$0(OLS)http://semarc/title/15225 850 $aSeMil 852 $aSeMil$W1$xVenegono$y1$m3L II 232$j78614$B78614$CSeMilBibl$Z2$F82653 $81 941 1 $a5 961 $aOmaggio: Tettamanzi Card. Dionigi 996 $6020$a88-85370-61-6$9(OLS)http://semarc/number/109652 996 $6245$aDiritto ed economia :$bsaggio sulla riduzione della filosofia del diritto alla filosofia dell'economia di Benedetto Croce$9(OLS)http://semarc/title/182387 996 $6264$aNapoli :$bEditoriale scientifica$9(OLS)http://semarc/publisher/32484